Formovanie hospodárskej politiky pre dlhodobý ekonomický rast rast a stabilita : vedecký monografický zborník : vedecké state k výskumnému projektu VEGA 1/0421/11

Bibliographic Details
Other Authors: Fifeková, Elena, 1953- (Editor)
Format: Software eBook
Language:Slovak
PhysicalDescription:1 elektronický optický disk (CD-ROM) fareb. 12 cm
Published: Bratislava Ekonóm 2011
ISBN:9788022533355 (elektronická kniha)
Subjects:

MARC

LEADER 00000nam a2200000 a 4500
001 vtls010356357
003 SK-MaSNL
005 20260426015253.0
007 co cg auuua
008 120511s2011 xo fs 000 0 slo
015 |a SNBS2013 
020 |a 9788022533355 (elektronická kniha) 
040 |a SNK  |b slo  |c SNK  |e AACR2 
041 0 |a slo 
043 |a e-xo--- 
044 |a xo  |c SK 
072 7 |a 330.5+338  |x Národné hospodárstvo a hospodárska politika  |2 konspekt 
080 |a 338.2  |2 2001 
080 |a 330.35  |2 2001 
080 |a (437.6)  |2 2001 
080 |a (082)  |2 2001 
080 |a (0.034.44)  |2 2001 
245 0 0 |a Formovanie hospodárskej politiky pre dlhodobý ekonomický rast  |h elektronický zdroj  |b rast a stabilita : vedecký monografický zborník : vedecké state k výskumnému projektu VEGA 1/0421/11  |c zostavila: Elena Fifeková 
260 |a Bratislava  |b Ekonóm  |c 2011 
300 |a 1 elektronický optický disk (CD-ROM)  |b fareb.  |c 12 cm 
500 |a Názov z titulnej obrazovky 
504 |a Bibliogr. odkazy 
516 |a Textový dokument (zborník), súbor vo formáte pdf 
538 |a Technické požiadavky: PDF prehliadač 
650 0 7 |a hospodárska politika  |2 SNKPH  |9 2279 
650 0 7 |a ekonomický rast  |2 SNKPH  |9 2146 
650 0 7 |a Economic policy  |2 SNKPHeng  |9 268361 
650 0 7 |a Economic growth  |2 SNKPHeng  |9 302768 
651 7 |a Slovensko  |2 SNKPH  |9 14231 
651 7 |a Slovakia  |2 SNKPHeng  |9 92630 
655 7 |a elektronické zdroje  |2 SNKPH  |9 90954 
655 7 |a CD-ROM  |2 SNKPH  |9 70236 
655 7 |a zborníky  |2 SNKPH  |9 70165 
655 7 |a Papers of several authors  |2 SNKPHeng  |9 153738 
655 7 |a Electronic resources  |2 SNKPHeng  |9 175546 
700 1 |a Fifeková, Elena,  |d 1953-  |4 edt  |9 216272 
919 |a 978-80-225-3335-5 
958 |a NB 
999 |c 1180521  |d 1182451 
952 |a SNK  |b SNK  |y PREZ  |7 0  |p 17A0992945  |o snkSCDM 4742  |i snk2012/9169  |8 0  |0 0  |1 0  |4 0  |d 2012-05-11  |l 0  |r 2026-02-24 21:36:45  |w 2026-02-24 
952 |t snkFOR 338.2  |a SNKMST  |b SNKMST  |y PREZ  |7 0  |p 17A0992944  |o snkSCDM 4742 D1  |i snk2012/9170  |8 0  |0 0  |1 0  |4 0  |d 2012-05-11  |l 0  |r 2025-08-13 00:00:00  |w 2026-02-24